000 00215nam a2200097Ia 4500
008 190216s9999||||xx |||||||||||||| ||und||
100 _aRamamurthy K S
245 0 _aHindi-Rahayavad
260 _bRajkamal
942 _cBK
999 _c18210
_d18210